Bankenaufsicht in Entwicklungsländern.

Úloha bankového dozoru ako garanta financií a úverovania v rozvojových krajinách. Spolupráca Nemecka a Bolívie v bankovom dozore cez skupinu finančných ústavov "Casas Bancarias". Problémy bolívijského finančného systému a východiská jeho reformy v Bolívii. Ťažisko poradenskej služby. Budovanie infor...

Descripción completa

Guardado en:
Detalles Bibliográficos
Autor principal: Hannig, A.
Formato: Capítulo de libro
Lenguaje:alemán
Materias:
Etiquetas: Agregar Etiqueta
Sin Etiquetas, Sea el primero en etiquetar este registro!

MARC

LEADER 00000naa a2200000 4500
001 r008973
005 20221130113425.1
041 0 |a ger 
044 |a DE 
245 1 0 |a Bankenaufsicht in Entwicklungsländern.  |c A. Hannig 
520 |a Úloha bankového dozoru ako garanta financií a úverovania v rozvojových krajinách. Spolupráca Nemecka a Bolívie v bankovom dozore cez skupinu finančných ústavov "Casas Bancarias". Problémy bolívijského finančného systému a východiská jeho reformy v Bolívii. Ťažisko poradenskej služby. Budovanie informačného systému. Vlastný kapitál skupiny "Casas Bancarias". Hodnotenie a kontrola úverového rizika. Personálne aspekty (vzdelávacie programy expertízy). 
610 2 0 |a banky 
610 2 0 |a úver 
610 2 0 |a systémy informačné 
610 2 0 |a poradenstvo 
610 2 0 |a krajiny rozvojové 
610 2 0 |a Nemecko 
100 1 |a Hannig, A.